000
00309nam a22001337a 4500
005
20160520100121.0
008
160520b xxu||||| |||| 00| 0 eng d
041
_a
eng
082
_b
3377
100
_a
Mehta
_9
845
245
_a
Basic Electrical Engineering
650
_a
DIPLOMA ENGINEERING
_9
817
942
_c
BK
999
_c
1160
_d
1160